000 00330nam a22001457a 4500
008 230719b ||||| |||| 00| 0 eng d
020 _a9780716718222
041 _aeng
080 _a61
082 _a61CAR
100 _a4
101 _aMJP
245 _aVERTEBRATE PALEONTOLOGY AND EVOLUTION
_cCARROLL .L .R
942 _2udc
_cBK
999 _c60175
_d60175